000
00260nam a22001217a 4500
008
181105b xxu||||| |||| 00| 0 eng d
041
_a
eng
080
_2
6th
_a
610
100
_a
4
101
_a
shm
245
_a
The Merick Manual
_c
Bekov.r
942
_2
udc
_c
BK
999
_c
51844
_d
51844